Fr. Conceicao Rodrigues College of Engineering

Calculus (Record no. 31952)

MARC details
000 -LEADER
fixed length control field 00276nam a2200145Ia 4500
082 ## - DEWEY DECIMAL CLASSIFICATION NUMBER
Classification number 515
Item number BER
100 ## - MAIN ENTRY--PERSONAL NAME
Personal name Bers/Lipman
245 ## - TITLE STATEMENT
Title Calculus
260 ## - PUBLICATION, DISTRIBUTION, ETC.
Name of publisher, distributor, etc. Holt
Place of publication, distribution, etc. Newyork
Date of publication, distribution, etc. 1969
300 ## - PHYSICAL DESCRIPTION
Extent 932
546 ## - LANGUAGE NOTE
Language note ENGLISH
654 ## - SUBJECT ADDED ENTRY--FACETED TOPICAL TERMS
Focus term calculus
942 ## - ADDED ENTRY ELEMENTS (KOHA)
Koha item type BOOK
Holdings
Withdrawn status Lost status Damaged status Not for loan Collection Home library Current library Date acquired Total Checkouts Full call number Barcode Date last seen Price effective from Koha item type
        AFT Fr. Agnel's C.Rodrigues College of Engineering Fr. Agnel's C.Rodrigues College of Engineering 17/03/2023   515 BER AFT1529 17/03/2023 17/03/2023 BOOK